000 00478nam a2200157 a 4500
005 20260424145911.0
008 260416s2026##################000#0#eng##
020 _a9780406000316
_qhbk
082 0 4 _a348.42
_bALL(R)
100 _aBridgman. G .F .L.
245 1 0 _aThe All England Law Reports Reprints: Revised Annotated 1985-1899
_c\edited by G. F. L. bridgeman, Esq
260 _aLondon:
_bButterworth,
_c1963.
300 _a1294p.
_c;23cm.
650 _aLaw
942 _cENGLISH
999 _c619523
_d619523